002630000a22001210004500060000800000082001600008100002100024245002800045250000600073260004500079260000900124300000800133 a100 a658.302 COO aCooper, Alfred M aHow to supervise people a4 aNew York, Mc GRaw- Hill Book Company Inc c1958 a250